00230nam a22000977a 4500082001300000100002500013245004700038260002500085300001000110650001200120 aA3 Se75s aSethi, Keval Krishna aShikari aur shikarcby Keval Krishna Sethi aBhopalbKevisac2021 a126p. aFiction